| 000 | 01663cam a2200409 i 4500 | ||
|---|---|---|---|
| 001 | 36732 | ||
| 005 | 20230410101848.0 | ||
| 008 | 070315b2006 dr a 000 0 spa | ||
| 035 | _a14807914 | ||
| 923 |
_d20070408 _n7599 _sPR-SjLB |
||
| 925 | 0 |
_aacquire _b1 shelf copy _xpolicy default |
|
| 942 |
_2lcc _cbk |
||
| 010 | _a 2007436233 | ||
| 020 | _a9789993425649 | ||
| 020 | _a9993425648 | ||
| 035 | _a(OCoLC)ocm77059079 | ||
| 040 |
_aTEF _cTEF _dDLC |
||
| 042 | _alccopycat | ||
| 043 |
_an-us-ny _anwdr--- |
||
| 050 | 1 | 4 |
_a118 F 128.9 _bW548n 2006 |
| 082 | 0 | 0 | _a917.47106687293 |
| 100 | 1 | _aWeyland, Karin. | |
| 245 | 1 | 0 |
_aNegociando la aldea global con un pie "aquí" y otro "allá" : _bla diáspora femenina dominicana y la transculturalidad como alternativa descolonizadora / _cby Karin Weyland. |
| 260 |
_aSanto Domingo : _bInstituto Tecnolâogico de Santo Domingo, _c2006. |
||
| 300 |
_a319 p. : _bill. ; _c23 cm. |
||
| 500 | _aOriginally presented as the author's thesis (doctoral)--New School for Social Research (New York, N.Y.), 1998. | ||
| 504 | _aIncludes bibliographical references (p. 295-319). | ||
| 650 | 0 |
_aDominicans (Dominican Republic) _zNew York (State) _zNew York. |
|
| 650 | 0 |
_aWomen immigrants _zNew York (State) _zNew York. |
|
| 651 | 0 |
_aNew York (N.Y.) _xEmigration and immigration. |
|
| 651 | 0 |
_aDominican Republic _xEmigration and immigration. |
|
| 650 | 4 | _aDominicanos en New York (Ciudad) | |
| 651 | 4 |
_aEstados Unidos _xEmigración e inmigración. |
|
| 650 | 4 |
_aMujeres en la poítica _zEstados Unidos. |
|
| 651 | 4 |
_aRepública Dominicana _xEmigración e inmigración. |
|
| 650 | 4 |
_aTrabajo de mujer _zEstados Unidos |
|
| 999 |
_c15120 _d15120 |
||